000 00637nam a2200193 a 4500
001 000012991
005 20240412074236.0
008 091119s1995 dr a 001 f spa d
040 _aDO-SdBNP
_bspa
_cBNPHU
082 _aRD863.44
_bR696m
100 1 _aRodríguez Marchena, Roberto,
_d1955-
_929963
245 1 0 _aMentiras piadosas :
_brelatos /
_cRoberto Rodríguez Marchena.
260 _aSanto Domingo :
_bPortes-Comunika,
_c1995.
300 _a173 p. :
_bil. ;
_c21 cm.
590 _aInventariado, 2019/VM
650 0 _aCuentos dominicanos
_9176
650 0 _aLiteratura dominicana.
_967
910 _aValidado. Control de calidad MMOLINA
999 _c12638
_d12638